| 000 | 00368nam a2200145Ia 4500 | ||
|---|---|---|---|
| 008 | 100122s9999 xx 000 0 und d | ||
| 082 |
_b16229 _a822.33 |
||
| 100 | _aBARKER H G | ||
| 245 | _aPRETACES TO SHAKESPEARE | ||
| 260 |
_bB.T. BATSFORD LTD _c1963 |
||
| 300 | _a310 | ||
| 630 | _aPRETACES TO SHAKESPEARE | ||
| 730 | _aPRETACES TO SHAKESPEARE | ||
| 942 | _cBOOK | ||
| 999 |
_c365154 _d365151 |
||